<?xml version="1.0" encoding="UTF-8"?>
<record
    xmlns:xsi="http://www.w3.org/2001/XMLSchema-instance"
    xsi:schemaLocation="http://www.loc.gov/MARC21/slim http://www.loc.gov/standards/marcxml/schema/MARC21slim.xsd"
    xmlns="http://www.loc.gov/MARC21/slim">

  <leader>00425nam a22001697a 4500</leader>
  <controlfield tag="005">20170401135706.0</controlfield>
  <controlfield tag="008">170401b        xxu||||| |||| 00| 0 eng d</controlfield>
  <datafield tag="020" ind1=" " ind2=" ">
    <subfield code="a">978-81-224-4039-3</subfield>
  </datafield>
  <datafield tag="041" ind1=" " ind2=" ">
    <subfield code="a">eng</subfield>
  </datafield>
  <datafield tag="100" ind1=" " ind2=" ">
    <subfield code="a">RAJAN,GOPAL RAO,A S R</subfield>
    <subfield code="9">3761</subfield>
  </datafield>
  <datafield tag="245" ind1=" " ind2=" ">
    <subfield code="a">BASIC AND APPLIED SOIL MECHANICS</subfield>
  </datafield>
  <datafield tag="250" ind1=" " ind2=" ">
    <subfield code="a">3rd</subfield>
  </datafield>
  <datafield tag="260" ind1=" " ind2=" ">
    <subfield code="b">NEW AGE INTERNATIONAL PRESS</subfield>
    <subfield code="c">2016</subfield>
  </datafield>
  <datafield tag="300" ind1=" " ind2=" ">
    <subfield code="a">750</subfield>
  </datafield>
  <datafield tag="650" ind1=" " ind2=" ">
    <subfield code="a">ENGINEERING</subfield>
    <subfield code="9">3762</subfield>
  </datafield>
  <datafield tag="942" ind1=" " ind2=" ">
    <subfield code="c">BK</subfield>
  </datafield>
  <datafield tag="999" ind1=" " ind2=" ">
    <subfield code="c">5375</subfield>
    <subfield code="d">5373</subfield>
  </datafield>
  <datafield tag="952" ind1=" " ind2=" ">
    <subfield code="0">0</subfield>
    <subfield code="1">0</subfield>
    <subfield code="4">0</subfield>
    <subfield code="7">0</subfield>
    <subfield code="a">JRU</subfield>
    <subfield code="b">MAIN</subfield>
    <subfield code="c">SHELF-43-G</subfield>
    <subfield code="d">2017-04-30</subfield>
    <subfield code="e">PURCHASE</subfield>
    <subfield code="g">475.00</subfield>
    <subfield code="l">4</subfield>
    <subfield code="p">21583</subfield>
    <subfield code="r">2019-02-22 00:00:00</subfield>
    <subfield code="s">2019-02-11</subfield>
    <subfield code="w">2017-04-30</subfield>
    <subfield code="y">BK</subfield>
  </datafield>
  <datafield tag="952" ind1=" " ind2=" ">
    <subfield code="0">0</subfield>
    <subfield code="1">0</subfield>
    <subfield code="4">0</subfield>
    <subfield code="7">0</subfield>
    <subfield code="a">JRU</subfield>
    <subfield code="d">2017-04-30</subfield>
    <subfield code="e">PURCHASE</subfield>
    <subfield code="g">475.00</subfield>
    <subfield code="l">2</subfield>
    <subfield code="p">21584</subfield>
    <subfield code="q">2017-12-29</subfield>
    <subfield code="r">2017-12-13 00:00:00</subfield>
    <subfield code="s">2017-12-13</subfield>
    <subfield code="w">2017-04-30</subfield>
    <subfield code="y">BK</subfield>
  </datafield>
</record>
